<?xml version="1.0" encoding="UTF-8"?>
<record
    xmlns:xsi="http://www.w3.org/2001/XMLSchema-instance"
    xsi:schemaLocation="http://www.loc.gov/MARC21/slim http://www.loc.gov/standards/marcxml/schema/MARC21slim.xsd"
    xmlns="http://www.loc.gov/MARC21/slim">

  <leader>02489njm a2200469Ia 4500</leader>
  <controlfield tag="001">25627</controlfield>
  <controlfield tag="003">IT-RoPAU</controlfield>
  <controlfield tag="005">20220918181214.0</controlfield>
  <controlfield tag="008">131025s9999    xx            000 0 und d</controlfield>
  <datafield tag="040" ind1=" " ind2=" ">
    <subfield code="a">IT-RoPAU</subfield>
  </datafield>
  <datafield tag="040" ind1=" " ind2=" ">
    <subfield code="c">IT-RoPAU</subfield>
  </datafield>
  <datafield tag="999" ind1=" " ind2=" ">
    <subfield code="c">103830</subfield>
    <subfield code="d">103830</subfield>
  </datafield>
  <datafield tag="999" ind1=" " ind2=" ">
    <subfield code="b">n.d.</subfield>
  </datafield>
  <datafield tag="100" ind1=" " ind2=" ">
    <subfield code="a">AA.VV.</subfield>
    <subfield code="9">794</subfield>
  </datafield>
  <datafield tag="100" ind1=" " ind2=" ">
    <subfield code="e">Autore musica</subfield>
    <subfield code="9">12697</subfield>
  </datafield>
  <datafield tag="100" ind1=" " ind2=" ">
    <subfield code="g">Codice autore musica SPICS: 12000</subfield>
    <subfield code="9">796</subfield>
  </datafield>
  <datafield tag="245" ind1=" " ind2=" ">
    <subfield code="a">Musica sotto il sombrero</subfield>
  </datafield>
  <datafield tag="250" ind1=" " ind2=" ">
    <subfield code="a">1a ed.</subfield>
  </datafield>
  <datafield tag="260" ind1=" " ind2=" ">
    <subfield code="a">MILANO</subfield>
  </datafield>
  <datafield tag="260" ind1=" " ind2=" ">
    <subfield code="b">VEDETTE RECORDS</subfield>
    <subfield code="c">1968 [1a Ed.:1968 - Ed. Lingua Orig.: 1968]</subfield>
  </datafield>
  <datafield tag="300" ind1=" " ind2=" ">
    <subfield code="a">DISCO</subfield>
  </datafield>
  <datafield tag="300" ind1=" " ind2=" ">
    <subfield code="c">31 minuti (Testo:  pag.)</subfield>
  </datafield>
  <datafield tag="500" ind1=" " ind2=" ">
    <subfield code="a">Musica strumentale</subfield>
  </datafield>
  <datafield tag="505" ind1=" " ind2=" ">
    <subfield code="a">Jungle Drums (3:00) - Siboney (3:00) - El relicario (3:00) - Siesta (3:00) - Mama (3:00) - Amado mio (3:00) - Algesiras (3:00) - Blanquita (3:00) - Los tres caballeros (3:00) - Besame mucho (3:00) - Angeli negri (3:00) - Rumba delle noccioline (3:00)</subfield>
  </datafield>
  <datafield tag="511" ind1=" " ind2=" ">
    <subfield code="a">Direttore d'orchestra: Pinto Varez</subfield>
  </datafield>
  <datafield tag="650" ind1=" " ind2=" ">
    <subfield code="a">STRUMENTALE [DISCHI]</subfield>
    <subfield code="e">Codice MATERIA SPICS: 9950</subfield>
    <subfield code="9">828</subfield>
  </datafield>
  <datafield tag="700" ind1=" " ind2=" ">
    <subfield code="a">Varez Pinto</subfield>
    <subfield code="g">Codice interprete SPICS: 11565</subfield>
    <subfield code="p">Interprete</subfield>
    <subfield code="9">12698</subfield>
  </datafield>
  <datafield tag="700" ind1=" " ind2=" ">
    <subfield code="a">Lecuona Ernesto</subfield>
    <subfield code="g">Codice autore musica SPICS: 27712</subfield>
    <subfield code="p">Jungle Drums - Siboney</subfield>
    <subfield code="e">Autore musica</subfield>
    <subfield code="9">12699</subfield>
  </datafield>
  <datafield tag="700" ind1=" " ind2=" ">
    <subfield code="a">Padilla</subfield>
    <subfield code="g">Codice autore musica SPICS: 14011</subfield>
    <subfield code="p">El relicario</subfield>
    <subfield code="e">Autore musica</subfield>
    <subfield code="9">12700</subfield>
  </datafield>
  <datafield tag="700" ind1=" " ind2=" ">
    <subfield code="a">Pagani H.</subfield>
    <subfield code="g">Codice autore musica SPICS: 14309</subfield>
    <subfield code="p">Siesta</subfield>
    <subfield code="e">Autore musica</subfield>
    <subfield code="9">12701</subfield>
  </datafield>
  <datafield tag="700" ind1=" " ind2=" ">
    <subfield code="a">Anelli</subfield>
    <subfield code="g">Codice autore SPICS: 16070</subfield>
    <subfield code="p">Siesta</subfield>
    <subfield code="e">Autore</subfield>
    <subfield code="9">12702</subfield>
  </datafield>
  <datafield tag="700" ind1=" " ind2=" ">
    <subfield code="a">Bono Sonny</subfield>
    <subfield code="g">Codice autore musica SPICS: 15581</subfield>
    <subfield code="p">Mama</subfield>
    <subfield code="e">Autore musica</subfield>
    <subfield code="9">12703</subfield>
  </datafield>
  <datafield tag="700" ind1=" " ind2=" ">
    <subfield code="a">Fisher R.</subfield>
    <subfield code="g">Codice autore musica SPICS: 16071</subfield>
    <subfield code="p">Amado mio</subfield>
    <subfield code="e">Autore musica</subfield>
    <subfield code="9">12704</subfield>
  </datafield>
  <datafield tag="700" ind1=" " ind2=" ">
    <subfield code="a">Chiola</subfield>
    <subfield code="g">Codice autore musica SPICS: 16073</subfield>
    <subfield code="p">Algesiras - Blanquita</subfield>
    <subfield code="e">Autore musica</subfield>
    <subfield code="9">12705</subfield>
  </datafield>
  <datafield tag="700" ind1=" " ind2=" ">
    <subfield code="a">Alguero</subfield>
    <subfield code="g">Codice autore musica SPICS: 15997</subfield>
    <subfield code="p">Los tres caballeros</subfield>
    <subfield code="e">Autore musica</subfield>
    <subfield code="9">12706</subfield>
  </datafield>
  <datafield tag="700" ind1=" " ind2=" ">
    <subfield code="a">Moreu</subfield>
    <subfield code="g">Codice autore SPICS: 15998</subfield>
    <subfield code="p">Los tres caballeros</subfield>
    <subfield code="e">Autore</subfield>
    <subfield code="9">12707</subfield>
  </datafield>
  <datafield tag="700" ind1=" " ind2=" ">
    <subfield code="a">Velazquez Consuelo</subfield>
    <subfield code="g">Codice autore musica SPICS: 15704</subfield>
    <subfield code="p">Besame mucho</subfield>
    <subfield code="e">Autore musica</subfield>
    <subfield code="9">12708</subfield>
  </datafield>
  <datafield tag="700" ind1=" " ind2=" ">
    <subfield code="a">Maciste M.A.</subfield>
    <subfield code="g">Codice autore musica SPICS: 16072</subfield>
    <subfield code="p">Angeli negri</subfield>
    <subfield code="e">Autore musica</subfield>
    <subfield code="9">12709</subfield>
  </datafield>
  <datafield tag="700" ind1=" " ind2=" ">
    <subfield code="a">Gilbert</subfield>
    <subfield code="g">Codice autore musica SPICS: 22535</subfield>
    <subfield code="p">Rumba delle noccioline</subfield>
    <subfield code="e">Autore musica</subfield>
    <subfield code="9">12710</subfield>
  </datafield>
  <datafield tag="700" ind1=" " ind2=" ">
    <subfield code="a">Sunsines</subfield>
    <subfield code="g">Codice autore SPICS: 27713</subfield>
    <subfield code="p">Rumba delle noccioline</subfield>
    <subfield code="e">Autore</subfield>
    <subfield code="9">12711</subfield>
  </datafield>
  <datafield tag="700" ind1=" " ind2=" ">
    <subfield code="a">Simons</subfield>
    <subfield code="g">Codice autore testo/musica SPICS: 15821</subfield>
    <subfield code="p">Rumba delle noccioline</subfield>
    <subfield code="e">Autore testo/musica</subfield>
    <subfield code="9">12712</subfield>
  </datafield>
  <datafield tag="942" ind1=" " ind2=" ">
    <subfield code="c">MD</subfield>
    <subfield code="2">ddc</subfield>
  </datafield>
  <datafield tag="952" ind1=" " ind2=" ">
    <subfield code="0">0</subfield>
    <subfield code="1">0</subfield>
    <subfield code="4">0</subfield>
    <subfield code="6">25627_000000000000000</subfield>
    <subfield code="7">1</subfield>
    <subfield code="a">SPICS</subfield>
    <subfield code="b">SPICS</subfield>
    <subfield code="d">2013-10-25</subfield>
    <subfield code="l">0</subfield>
    <subfield code="o">25627</subfield>
    <subfield code="r">2013-10-25 00:00:00</subfield>
    <subfield code="w">2013-10-25</subfield>
    <subfield code="y">MD</subfield>
    <subfield code="z">Progr. Ins.: 5501 / N.Vol.: 1 / Copie: 1 - Copia rara: n.d. / date import: 01.01.2014 - By Epidotti, Trombetti, Vaglietti</subfield>
  </datafield>
</record>
